Nepřetržitá cílová orientace v managementu.

Pojem a podstata manažmentu. Úroveň manažmentu. Porovnávacie charakteristiky jednotlivých stupňov manažmentu. Manažment a podstata koordinácie. Tvorba informácií. Informačné potreby podnikového manažmentu. Princípy tvorby cieľov podniku. Plánovací proces realizácie cieľov. Organizácia a kontrola.

Guardado en:
Detalles Bibliográficos
Autor principal: Tomek, Gustav
Formato: Capítulo de libro
Lenguaje:checo
Materias:
Etiquetas: Agregar Etiqueta
Sin Etiquetas, Sea el primero en etiquetar este registro!

MARC

LEADER 00000naa a2200000 4500
001 r006774
005 20221125080840.3
041 0 |a cze 
044 |a [CS] 
245 1 0 |a Nepřetržitá cílová orientace v managementu.  |c Gustav Tomek 
520 |a Pojem a podstata manažmentu. Úroveň manažmentu. Porovnávacie charakteristiky jednotlivých stupňov manažmentu. Manažment a podstata koordinácie. Tvorba informácií. Informačné potreby podnikového manažmentu. Princípy tvorby cieľov podniku. Plánovací proces realizácie cieľov. Organizácia a kontrola. 
610 2 0 |a manažment 
610 2 0 |a informácie vnútropodnikové 
610 2 0 |a organizácia podniku 
610 2 0 |a kontrola podniková 
610 2 0 |a stratégia podniková 
100 1 |a Tomek, Gustav